Η αλλοτρίωση της γυναίκας
Αποθηκεύτηκε σε:
| Κύριος συγγραφέας: | |
|---|---|
| Άλλοι συγγραφείς: | |
| Μορφή: | Βιβλίο |
| Γλώσσα: | Greek |
| Δημοσίευση: |
Αθήνα :
Οδυσσέας,
1978.
|
| Θέματα: | |
| Ετικέτες: |
Προσθήκη ετικέτας
Δεν υπάρχουν, Καταχωρήστε ετικέτα πρώτοι!
|
MARC
| LEADER | 00000cam a2200000 i 4500 | ||
|---|---|---|---|
| 001 | 1/87519 | ||
| 008 | 960704s1978 gr | ||| |||| ||gre|| | ||
| 035 | |a 1987 |c Αγορά |l 10035262 | ||
| 040 | |a GR-MyUA |b gre |e AACR2 | ||
| 041 | 1 | |a gre |h esp | |
| 082 | 0 | |a 305.4 | |
| 100 | 1 | |a Castilla del Pino, Carlos, |d 1922-2009. | |
| 245 | 1 | 2 | |a Η αλλοτρίωση της γυναίκας / |c Καρλος Καστιγια ντελ Πινο ; μετάφραση Τασούλα Καραϊσκάκη. |
| 260 | |a Αθήνα : |b Οδυσσέας, |c 1978. | ||
| 300 | |a 135 σ. ; |b 21 εκ. | ||
| 500 | |a Τίτλος πρωτοτύπου: Cuatro ensayos sobre la mujer. | ||
| 650 | 0 | 0 | |a Women |x Social conditions. |
| 650 | 0 | 0 | |a Women |x Socialization. |
| 650 | 0 | 0 | |a Sex discrimination against women. |
| 650 | 0 | 0 | |a Women and psychoanalysis. |
| 700 | 1 | |a Καραϊσκάκη, Τασούλα, |e trlf | |
| 852 | |a INST |b RHODES |e 19960704 |h 305.4 DEL |p 005400004502 |q 005400004502 |t BK |y 0 | ||
| 852 | |a INST |b SAMOS |e 20051220 |h 305.4 DEL |p 005300024693 |q 005300024693 |t BK |y 0 | ||
| 901 | |a BIBL3-2005-3 | ||
| 909 | |a Σ |b 124673 | ||
| 909 | |a Ρ |b 006243 | ||
| 970 | |a ΚΟΣΙΕΡΗΣ |b ΧΡΗΣΤΟΣ |z 2005/12/20 | ||